LOKACHARITHRAM ONNAM BHAGAM (Record no. 9040)
[ view plain ]
| 000 -LEADER | |
|---|---|
| fixed length control field | 00199nam a22000977a 4500 |
| 082 ## - DEWEY DECIMAL CLASSIFICATION NUMBER | |
| Classification number | 894.812.3 |
| Item number | KUR/L |
| 100 ## - MAIN ENTRY--AUTHOR NAME | |
| Personal name | KURUPPU |
| 245 ## - TITLE STATEMENT | |
| Title | LOKACHARITHRAM ONNAM BHAGAM |
| 650 ## - SUBJECT ADDED ENTRY--TOPICAL TERM | |
| Topical Term | MALAYALAM |
| 942 ## - ADDED ENTRY ELEMENTS (KOHA) | |
| Koha item type | Books |
| Withdrawn status | Lost status | Home library | Current library | Date acquired | Full call number | Accession Number | Koha item type |
|---|---|---|---|---|---|---|---|
| Missing | Main Library | Main Library | 17/05/2004 | 894.812.3 KUR/L | 01092 | Books |